Central Library OPAC University of Rajshahi

Designing instructional text / (Record no. 75333)

MARC details
000 -LEADER
fixed length control field 01062nam a2200361 a 4500
001 - CONTROL NUMBER
control field 75333
003 - CONTROL NUMBER IDENTIFIER
rucl marc code BD-RjUL
005 - DATE AND TIME OF LATEST TRANSACTION
control field 20211209082656.0
008 - FIXED-LENGTH DATA ELEMENTS--GENERAL INFORMATION
fixed length control field 930223s1985 000 0 d
020 ## - INTERNATIONAL STANDARD BOOK NUMBER
International Standard Book Number 0850389437
035 ## - SYSTEM CONTROL NUMBER
System control number CURL Interim file ISBN22
040 ## - CATALOGING SOURCE
Original cataloging agency BD-RjUL
Language of cataloging eng
Transcribing agency BD-RjUL
041 ## - LANGUAGE CODE
Language code of text/sound track or separate title eng
049 ## - LOCAL HOLDINGS (OCLC)
Holding library NO COPIES: 049 BL
Copy statement BL
Definition of bibliographic subdivisions 880210
082 ## - DEWEY DECIMAL CLASSIFICATION NUMBER
Classification number 686.22
Edition number 23
Author mark and year HAD 1985
092 ## - LOCALLY ASSIGNED DEWEY CALL NUMBER (OCLC)
Classification number D0500840470
100 1# - MAIN ENTRY--PERSONAL NAME
Personal name Hartley, James,
9 (RLIN) 229141
245 10 - TITLE STATEMENT
Title Designing instructional text /
Statement of responsibility, etc. James Hartley
250 ## - EDITION STATEMENT
Edition statement 2nd ed
260 ## - PUBLICATION, DISTRIBUTION, ETC. (IMPRINT)
Place of publication, distribution, etc. London :
Name of publisher, distributor, etc. Kogan Page,
Date of publication, distribution, etc. 1985
300 ## - PHYSICAL DESCRIPTION
Pagination 175 p :
Illustrations ill ;
Size 30 cm
500 ## - GENERAL NOTE
General note Previous ed.: 1978
504 ## - BIBLIOGRAPHY, ETC. NOTE
Bibliography, etc Bibliography: p152-172. - Includes index
650 #0 - SUBJECT ADDED ENTRY--TOPICAL TERM
Topical term or geographic name as entry element Printing
General subdivision Make-up
9 (RLIN) 229142
Topical term or geographic name as entry element Textbooks
9 (RLIN) 229143
942 ## - ADDED ENTRY ELEMENTS (KOHA)
Source of classification or shelving scheme Dewey Decimal Classification
Koha item type Books
Holdings
Lost status Source of classification or shelving scheme Damaged status Not for loan Collection code Permanent Location Current Location Shelving location Date acquired Source of acquisition Total Checkouts Full call number Date last seen Copy number Koha item type
  Dewey Decimal Classification   Not For Loan Non-fiction Central Library, University of Rajshahi Central Library, University of Rajshahi Reading Room 06/05/1992 Comonth Wealth   686.22 HAD 1985 10/03/2019 C-1 Books